000
00317nam a22001337a 4500
008
170612b xxu||||| |||| 00| 0 eng d
020
_a
9781583226872
041
_a
eng
080
_a
324
100
_a
19
101
_a
SHP
245
_a
WAS THE 2004 PRESIDENTIAL SECTION STOLEN
_c
FREEMAN.S.F
942
_2
udc
_c
BK
999
_c
16957
_d
16957